| 000 | 00539cam a2200217 4500 | ||
|---|---|---|---|
| 008 | 090401t1997 xxu||||| |||| 00| 0 eng d | ||
| 020 | _a0566077019 | ||
| 035 | _a(Sirsi) u86759 | ||
| 041 | _aeng | ||
| 050 | _a025.81 | ||
| 100 | _aWells, Marianna | ||
| 245 | _aMoving and reorganizing a library. | ||
| 260 |
_aAldershot, Hants. _bGower Publishing _c1997 |
||
| 300 | _axviii,123p. ; 24cm. | ||
| 350 | _a35 | ||
| 650 | _aLIBRARIES | ||
| 650 | _aREORGANISATION | ||
| 700 | _aYoung, Rosemary | ||
| 942 | _n0 | ||
| 948 | _c11/06/1998 | ||
| 999 |
_c97165 _d97165 |
||